Hamlet: en sus tres versiones
Furkejuvvon:
| Váldodahkki: | |
|---|---|
| Materiálatiipa: | Girji |
| Giella: | espánnjágiella |
| Almmustuhtton: |
Buenos Aires
Losada
1940
|
| Ráidu: | Las Cien Obras Maestras de la Literatura y del Pensamiento Universal
|
| Fáttát: | |
| Fáddágilkorat: |
Lasit fáddágilkoriid
Eai fáddágilkorat, Lasit vuosttaš fáddágilkora!
|
MARC
| LEADER | 00000nam a2200000 a 4500 | ||
|---|---|---|---|
| 001 | UCY2302 | ||
| 003 | CL-VaPUC | ||
| 008 | 941020e19400000AG |||||||||||||||||spa|d | ||
| 082 | 0 | 4 | |a 822 |b SHA |2 21 |
| 100 | |a Shakespeare, William |e author |9 265757 | ||
| 245 | 1 | 0 | |a Hamlet: en sus tres versiones |
| 300 | |a 278 p | ||
| 942 | |c BK | ||
| 945 | |d 19941020 00:00:00 |a mfernand | ||
| 260 | |a Buenos Aires |b Losada |c 1940 | ||
| 650 | 0 | |a Dramas ingleses |9 269396 | |
| 583 | |a last modification |c 20160520 16:16:25 |k Rodrigo Vera | ||
| 490 | 0 | |a Las Cien Obras Maestras de la Literatura y del Pensamiento Universal | |
| 999 | |c 230752 |d 230750 | ||
| 952 | |0 0 |1 0 |4 0 |6 822_000000000000000_SHA_1940 |7 0 |8 R |9 233255 |a BIBEDU |b BIBEDU |d 2019-11-15 |i 3023400 |o 822 SHA 1940 |p 3023400 |r 2023-01-13 |w 2019-11-15 |y BK_R |k LIT | ||